| 000 | 00546nam a2200181 a 4500 | ||
|---|---|---|---|
| 005 | 20140310183441.0 | ||
| 008 | 081111s19uu xx 00 eng d | ||
| 020 | _a9789715846790 | ||
| 050 |
_aRM 217 _b.C371 2008 |
||
| 100 | _aCaudal, Maria Lourdes C. | ||
| 245 |
_aBasic nutrition and diet theraphy textbook for nursing students. / _cMaria Lourdes C. Caudal. |
||
| 260 |
_aQuezon City : _bC&E publishing, _c2008. |
||
| 300 |
_a317 p. : _bill. ; _c21 cm. |
||
| 521 | _aNUR | ||
| 650 | _aNutrition. | ||
| 942 |
_cBK _2lcc _kLOC |
||
| 999 |
_c23133 _d23133 |
||